| 000 | 00442nam a22001457a 4500 | ||
|---|---|---|---|
| 020 | _a978-9-351-03612-8 | ||
| 082 |
_a823 _bANJ/B |
||
| 100 | _aANJELAIS, M | ||
| 245 | _aBREAKING BUTTERFLIES | ||
| 260 |
_aGREAT BRITAIN _bCHICKEN HOUSE _c2015 |
||
| 300 | _a259 | ||
| 520 | _athis sensational and troubling story about a young woman’s relationship with a sociopath lacks emotional resonance. | ||
| 650 |
_aNOVEL _zUNITED KINGDOM |
||
| 942 | _cBK | ||
| 999 |
_c2562 _d2562 |
||